000 00296nam a22001337a 4500
008 171214b xxu||||| |||| 00| 0 eng d
020 _a9780136080046
041 _aeng
080 _23RD
_a61
100 _a4
101 _aSHM
245 _aMEDICAL SURGICAL NURSING
_cBURKE,K,M
942 _2udc
_cBK
999 _c38896
_d38896